Apache warriors
Between 10,000 and 25,000 Apache lived in the American Southwest in the mid-19th century. This book tells about the lifestyle of an Apache warrior during this time, providing details about housing, clothing, hunting practices, tools, weapons, and other important aspects of Apache society.
Gardado en:
| Autor Principal: | |
|---|---|
| Formato: | Libro |
| Idioma: | Undetermined |
| Publicado: |
San Diego
KidHaven Press
2003
|
| Những chủ đề: | |
| Các nhãn: |
Engadir etiqueta
Sen Etiquetas, Sexa o primeiro en etiquetar este rexistro!
|
| Thư viện lưu trữ: | Trung tâm Học liệu Trường Đại học Cần Thơ |
|---|
| LEADER | 00902nam a2200229Ia 4500 | ||
|---|---|---|---|
| 001 | CTU_137308 | ||
| 008 | 210402s9999 xx 000 0 und d | ||
| 020 | |c 23.7 | ||
| 082 | |a 979.004972 | ||
| 082 | |b N476 | ||
| 100 | |a Netzley, Patricia D. | ||
| 245 | 0 | |a Apache warriors | |
| 245 | 0 | |c Patricia D. Netzley | |
| 260 | |a San Diego | ||
| 260 | |b KidHaven Press | ||
| 260 | |c 2003 | ||
| 520 | |a Between 10,000 and 25,000 Apache lived in the American Southwest in the mid-19th century. This book tells about the lifestyle of an Apache warrior during this time, providing details about housing, clothing, hunting practices, tools, weapons, and other important aspects of Apache society. | ||
| 650 | |a Apache Indians,Apache Indians | ||
| 650 | |x Warfare,Văn học vị thành niên | ||
| 650 | |y Người Apache | ||
| 904 | |i Giang | ||
| 980 | |a Trung tâm Học liệu Trường Đại học Cần Thơ | ||